000 01113nam a2200325 c 4500
999 _c160728
_d160728
003 BLK
005 20220225165141.0
008 180410b bul|||||r ||||||| ||bul||
010 _aKNG00168011000
040 _aBLK
041 _aBUL
_cBUL
072 7 _2bullib
_aК
_xКраезнание
072 7 _2bullib
_aЯ
_xАвтографи
080 _aБългарска литература
_b821.163.2
_x-1
_z821.163.2-1
100 1 _aПопов, Владимир Стефанов
_eпърви автор
_9374984
139 _aПопов, Владимир Стефанов
_bП 76
245 1 0 _aСтраница
_bСтихотворения
_cВладимир Стефанов Попов.
257 _aBGR
260 _bХристо Г. Данов
_c1984
300 _a52 с.
_c21 см
380 _aX
500 _a1 500 тир.
659 _aК
659 _aЯ
852 _aЦб 126377
852 _aК 821.163.2/П 76 В
856 4 _qpdf
856 4 _qpdf
942 _cKNG
_n0
_01
_s1
944 _aCR
_c28.11.2014
_l28.11.2014 - от С1,Р / 28.11.2014
_kНора_Радева
944 _aED
_c28.11.2014
_l28.11.2014 - от С1,Р / 28.11.2014
999 _d160728